000 00627cam a22002173a 4500
001 36570
003 PGUSA
005 20140828083806.0
008 110630s2011||||xxu|||||s|||||000 | eng d
040 _aPGUSA
_beng
042 _adc
100 1 _aBurgoyne, John,
_d1722-
245 1 4 _aThe Heiress; :
_ba comedy, in five acts
_h[electronic resource] /
_cJohn Burgoyne
260 _bProject Gutenberg,
_c2011
506 _aPublic domain in the USA.
516 _aElectronic text
700 1 _aInchbald,
_cMrs,
_d1753-1821
830 0 _aProject Gutenberg
_v36570
856 4 0 _uhttp://www.gutenberg.org/ebooks/36570
942 _cEB
999 _c265825
_d265825